00753pam a2200193 a 4500001000800000005001700008008004100025020002200066040001800088082002200106100002000128245010100148250000900249260013100258300001300389650002500402856006600427856006600493489056820240220025629.0931214s1994 ii b 001 0 eng  a0803991703 (U.S.) aDLCcDLCdDLC00a320.09.220bSTA.1 aBose, Sumantra,10aStates, nations, sovereignty :bSri Lanka, India, and the Tamil Eelam Movement /cSumantra Bose. a1st. aNew Delhi ;aThousand Oaks, Calif. :bSage Publications, in association with the Book Review Literary Trust, New Delhi,c1994. a236 p. ; 0aTamil (Indic people)42uhttp://www.loc.gov/catdir/enhancements/fy0657/93049452-d.html41uhttp://www.loc.gov/catdir/enhancements/fy0657/93049452-t.html